| 000 | 01485nam a22002657a 4500 | ||
|---|---|---|---|
| 003 | Uzh_bibl | ||
| 008 | 260406b |||||||| |||| 00| 0 ukr d | ||
| 020 |
_a978-966-1694-38-4 _c32.00 |
||
| 040 | _bукр. | ||
| 041 |
_2ukr _aukr |
||
| 080 | _a087.5 | ||
| 090 |
_a087.5 _bМ 71 |
||
| 100 | _aУкраїнські народні казки | ||
| 245 |
_aМишача рада _hТекст |
||
| 260 |
_aХарків _bБелкар-книга _c2016 |
||
| 300 |
_a48с. _bіл. _fВ опр. |
||
| 490 | _aПромінець | ||
| 520 | _aЦя збірка казок — для наймолодших читачів, які роблять перші кроки в читанні. Книга призначена для вироблення в дітей навичок техніки читання текстів по складах. До збірки ввійшли відомі українські народні казки. Читаючи їх, малята навчаться відрізняти добро від зла, здійснювати гарні вчинки, бути добрими, справедливими, захищати менших, поважати старших. | ||
| 521 | _aДля дітей дошкільного віку | ||
| 546 | _aукр. | ||
| 650 | _aЛітературно-художнє видання | ||
| 653 | _aмиша, кіт, тварини | ||
| 655 |
_aДитяча література _vКазки |
||
| 942 |
_2udc _cBK |
||
| 999 |
_c17257 _d17257 |
||